000 00589nam a22001697a 4500
003 MACL
005 20160728120504.0
008 160728b xxu||||| |||| 00| 0 eng d
040 _cMACL
041 _aHindi
082 _a920 VOH
100 _aव्‍होरा, आशारानी
_938645
245 _aभारत की प्रथम महिलाऍ
_cआशारानी व्‍होरा
260 _aनई दिल्‍ली
_bप्रतिभा प्रतिष्‍ठान
_c2014
650 _aजीवनीयॉ
_962556
942 _2ddc
_cHIN
999 _c55194
_d55194